| 000 | 004020000a22001690004500 | ||
|---|---|---|---|
| 003 | MACL | ||
| 005 | 20151222133809.0 | ||
| 008 | 151222b xxu||||| |||| 00| 0 eng d | ||
| 040 |
_aMACL _cMACL |
||
| 041 | _aEnglish | ||
| 082 | _a940 | ||
| 100 |
_aThe Times _921920 |
||
| 245 |
_aHistory of The War _bVol XII |
||
| 260 |
_bThe Times _c1917 _aLondon |
||
| 650 |
_aHistory _921921 |
||
| 942 |
_cBK _k940 _2ddc |
||
| 999 |
_c39654 _d39654 |
||